| 000 | 01063nam a22002777a 4500 | ||
|---|---|---|---|
| 999 |
_c138671 _d138671 |
||
| 005 | 20190710115838.0 | ||
| 010 | _a1718EN-30 ENG-117709 B-705542 | ||
| 020 |
_a9789352534029 _c725.00 |
||
| 035 | _aEN-101241 | ||
| 035 | _aB-686143-180 | ||
| 035 | _aB-705542 | ||
| 037 |
_bABC _adpl |
||
| 037 | _bDBAD/PUB | ||
| 037 | _bRK Books | ||
| 082 | _a510 | ||
| 100 | _aAggarwal,R.S. | ||
| 245 |
_aQuantitative aptitude for competitive examinations / _cby R. S. Aggarwal |
||
| 250 | _arev.ed. | ||
| 260 |
_aNew Delhi _bS. Chand _c2017 |
||
| 270 |
_a7361, Ram Nagar _bNew Delhi _e110055 |
||
| 300 | v |
_a952p. _c26cm(Pbk) |
|
| 500 | _afor competitive examinations (fully solved) | ||
| 942 |
_2ddc _cEN _h510 _mAGG |
||